000
00329nam a2200133Ia 4500
008
191201s2008 xx 000 0 und d
082
_a
658.3
_b
KAC
100
_a
KAUSHAL, H
245
0
_a
Case Study Solutions Human Resource Development
260
_a
N.Delhi
_b
Macmillan
_c
2008
300
_a
271
650
_a
MBA
942
_2
ddc
_c
BK
999
_c
4036
_d
4036